01162nas a2200265Ia 4500001001100000003000900011008004100020040001300061040001300074041001300087100003800100210001600138222001600154245012700170250001100297260004600308501008600354300001100440362005200451500026400503650003600767700001700803700002300820700005300843R061/B8451IT-RoPAU151124c99999999xx |||||||||||| ||und|| aIT-RoPAU cIT-RoPAU aFRANCESE aAA.VV. gCodice Aut. SPICS: 12000 aCINEMACTION aCinemaction aCINEMACTION, N.063 (1992) - LES THEORIES DE LA COMMUNICATIONbCinemaction, N.063 (1992) - Les Theories De la Communication a1a ed. aCONDE' SUR NOIREAU (FRANCE)bCORLETc1992 bPaulus - SPICS - Società San Paolo EM (non-commercial uses only)cCopyright2015 a256 p. aN.063 (1992) - LES THEORIES DE LA COMMUNICATION aDossier Sulle Teorie della Comunicazione. Approcci Scientifici: AttualitàDei Fondatori, Alcuni Approcci Disciplinari, Quale Avvenire per le Scienzedella Comunicazione? Comunicazione in Atto. Università e Ricerca. Piccolabiblioteca della Comunicazione: Lib aCINEMAvPUBBLICAZIONE PERIODICA aBoure Robert aPailliart Isabelle gCodice Aut. SPICS: 39463Codice Aut. SPICS: 3164